00579nam a2200157 a 450000100100000000500170001000800410002704000250006810000370009324500520013026000470018230000280022950000420025795201050029999900170040400003769520201002031113.0121115s19uu dr a 000 0 spa d aDO-SdBNPbspacBNPHU1 aGuerien Batiste, Gilberto96415713aEl joven del Batey /cGilberto Guerien Batiste. a[Santo Domingo]. :bImpresora Cañaveral. a150 p. :bil. ;c21 cm. aIncluye datos biográficos del autor 0010718PDaPDbPDcCTd2012-11-15iLF1l0o p37695-10r2020-06-25w2020-06-25yLFPDZNo se presta c37185d37185